banner koha

Resposta fisiologica do feijoreiro (Phaseolus vulgaris L.)ao Forate e suas consequencias entomologicas, 2: crescimento, morfologia, particao de assimilados e producao de materia seca das plantas (Registro n. 125442)

MARC details
000 -LÍDER
campo de controle de tamanho fixo 01133nas a2200277 4500
001 - NÚMERO DE CONTROLE
campo de controle BR8901416
003 - IDENTIFICADOR DO NÚMERO DE CONTROLE
campo de controle BR-BrBNA
005 - DATA E HORÁRIO DA ÚLTIMA TRANSAÇÃO
campo de controle 20231205091505.0
007 - CAMPO FIXO DE DESCRIÇÃO FÍSICA--INFORMAÇÃO GERAL
campo de controle de tamanho fixo ta
008 - CAMPO DE DADOS FIXOS--INFORMAÇÃO GERAL
campo de controle de tamanho fixo 230509b bl.|||p| |||| 00| 00por d
040 ## - FONTE DA CATALOGAÇÃO
Instituição da catalogação original BR-BrBNA
Idioma da catalogação por
Instituição que transcreveu o registro Biblioteca Nacional de Agricultura
041 ## - CÓDIGO DE IDIOMA
Código do idioma do texto/trilha sonora ou título diferente (Pt)
072 ## - CÓDIGO DE CATEGORIA DE ASSUNTO
Código de Categoria de Assunto H10; F60
100 1# - ENTRADA PRINCIPAL--NOME PESSOAL
Nome pessoal Barrigossi, J.A.F.
100 1# - ENTRADA PRINCIPAL--NOME PESSOAL
Nome pessoal Lopes, N.F.
100 1# - ENTRADA PRINCIPAL--NOME PESSOAL
Nome pessoal Chandler, L.
245 1# - TÍTULO
Título Resposta fisiologica do feijoreiro (Phaseolus vulgaris L.)ao Forate e suas consequencias entomologicas, 2: crescimento, morfologia, particao de assimilados e producao de materia seca das plantas
Restante do título Parte de tese
246 1# - FORMA VARIANTE DO TÍTULO
Título/título abreviado The physiological response of bean (Phaseolus vulgaris L.)to phorate and the entomological consequences, 2: growth morphology, partition of assimilates, and dry matter production of plants
Restante do título Part of thesis
650 ## - ASSUNTO--TERMO TÓPICO
Cabeçalho tópico ou nome geográfico FEIJAO
650 ## - ASSUNTO--TERMO TÓPICO
Cabeçalho tópico ou nome geográfico INSETICIDA
650 ## - ASSUNTO--TERMO TÓPICO
Cabeçalho tópico ou nome geográfico CRESCIMENTO
650 ## - ASSUNTO--TERMO TÓPICO
Cabeçalho tópico ou nome geográfico MATERIA SECA
773 0# - ENTRADA ANALÍTICA
Título Revista Ceres (Brazil)
ISSN - International Standard Serial Number ISSN 0034-737X
Partes relacionadas (Jul-Aug 1988), v. 35(200) p. 355-369
Número de controle do registro BR8901416
909 ## -
-- 202311
-- Lúcia
-- 55
-- Lúcia Elande
942 ## - ELEMENTOS DE ENTRADA ADICIONADOS (KOHA)
Fonte da classificação ou esquema de arquivamento na estante Classificação AGRIS
Ocultar no OPAC Não
Tipo de material Koha Analítica
Exemplares
Situação do descarte Fonte da classificação ou esquema de arquivamento na estante Situação física Não pode ser emprestado Biblioteca de origem Biblioteca atual Localização na estante Enumeração do periódico / cronologia Total de empréstimos Data de último acesso Número do exemplar Tipo de material Koha Fonte de aquisição
  Classificação AGRIS   Consulta local Biblioteca Nacional de Agricultura - Binagri Biblioteca Nacional de Agricultura - Binagri   (Jul-Aug 1988), v. 35(200) p. 355-369   29/11/2023 01 Periódicos Portaria Interministerial nº 164/94

BINAGRI

Telefone: (61)3218-2567/2388/3357/2097 - binagri@agro.gov.br

Ministério da Agricultura e Pecuária , Esplanada dos Ministérios, Bloco D, Anexo B, Brasília/DF, CEP: 70.043-900